|
|
|
|
| LEADER |
00000nam a2200000 a 4500 |
| 001 |
vtls009092385 |
| 003 |
SK-MaSNL |
| 005 |
20260425222825.0 |
| 008 |
240314s2007 xo d 000 0bslo |
| 015 |
|
|
|a SNBA2007/10-04586
|
| 020 |
|
|
|a 9788096950836
|q (brož.)
|
| 035 |
|
|
|a 9D56CE94-D4CE-46B5-B12D-18F0738E928A
|
| 035 |
|
|
|a urn:nbn:sk:snk-amk7g8
|
| 035 |
|
|
|a urn:nbn:sk:snk-am008jr1
|
| 040 |
|
|
|a SNK
|b slo
|c SNK
|e AACR2
|
| 041 |
0 |
|
|a slo
|
| 043 |
|
|
|a e-xo---
|
| 044 |
|
|
|a xo
|c SK
|
| 072 |
|
7 |
|a 53
|x Fyzika
|2 konspekt
|
| 072 |
|
7 |
|a 929
|x Biografie
|2 konspekt
|
| 080 |
|
|
|a 37.011.3-051
|2 2001
|
| 080 |
|
|
|a 51-051
|2 2001
|
| 080 |
|
|
|a 53-051
|2 2001
|
| 080 |
|
|
|a (092)
|2 2001
|
| 080 |
|
|
|a (437.6)
|2 2001
|
| 100 |
1 |
|
|a Šebesta, Juraj,
|d 1942-
|4 aut
|9 100739
|
| 245 |
1 |
0 |
|a Ján Vanovič
|b (1907-2007)
|c Juraj Šebesta
|
| 250 |
|
|
|a 1. vyd.
|
| 260 |
|
|
|a Bratislava
|b Jednota slovenských matematikov a fyzikov
|c 2007
|
| 300 |
|
|
|a 59 s.
|c 21 cm
|
| 366 |
|
|
|e 150 výt.
|
| 504 |
|
|
|a Bibliogr. s. 58
|
| 600 |
1 |
7 |
|a Vanovič, Ján,
|d 1907-1973
|2 SNKMA
|9 37999
|
| 648 |
|
7 |
|a 20. stor.
|2 SNKPH
|9 275975
|
| 650 |
0 |
7 |
|a pedagógovia
|2 SNKPH
|9 18561
|
| 650 |
0 |
7 |
|a matematici
|2 SNKPH
|9 66854
|
| 650 |
0 |
7 |
|a fyzici
|2 SNKPH
|9 31595
|
| 651 |
|
7 |
|a Slovensko
|2 SNKPH
|9 14231
|
| 655 |
|
7 |
|a biografie
|2 SNKPH
|9 27965
|
| 919 |
|
|
|a 978-80-969508-3-6
|
| 958 |
|
|
|a NB
|
| 958 |
|
|
|a BX
|
| 958 |
|
|
|a OND
|
| 968 |
|
|
|d 51
|
| 999 |
|
|
|c 569167
|d 571097
|
| 952 |
|
|
|a SNK
|b SNK
|y PREZ
|7 0
|p 17A0561281
|o snkSC 129223
|i snk2007/20122
|8 0
|0 0
|1 0
|4 0
|d 2007-09-07
|f 1
|l 0
|r 2025-06-18 00:00:00
|w 2026-02-23
|
| 952 |
|
|
|a SNK
|b SNK
|y VYP
|7 0
|p 17A0561282
|o snkSC 129223 D1
|i snk2007/20123
|8 0
|0 0
|1 0
|4 0
|d 2007-09-07
|l 0
|r 2026-02-23 14:09:56
|w 2026-02-23
|